[Event "POL-chT 2nd League"]
[Site "Jastrzebia Gora"]
[Date "2024.08.31"]
[Round "1.6"]
[White "Owczarek, Monika"]
[Black "Chmiel, Dominika"]
[Result "0-1"]
[WhiteElo "1725"]
[BlackElo "1932"]
[PlyCount "100"]
[EventDate "2024.08.31"]
[EventType "team-swiss"]
[EventRounds "9"]
[EventCountry "POL"]
[SourceTitle "EXT 2025"]
[Source "ChessBase"]
[SourceDate "2024.10.14"]
[SourceVersion "1"]
[SourceVersionDate "2024.10.14"]
[SourceQuality "1"]
[WhiteTeam "Wisznia Mala Bialy Krol"]
[BlackTeam "Chroscice Victoria"]
[WhiteTeamCountry "POL"]
[BlackTeamCountry "POL"]

1. c4 e5 2. Nc3 Bb4 3. Qc2 Nf6 4. a3 Be7 5. Nf3 Nc6 6. g3 d6 7. Bg2 0-0 8. 0-0 Be6 9. d3 Qd7 10. Re1 Bh3 11. Bh1 h6 12. b4 Ng4 13. b5 Nd8 14. Nd5 f5 15. Nxe7+ Qxe7 16. Nh4 Qe8 17. e3 Qh5 18. f3 Nf6 19. f4 g5 20. Nf3 Bg4 21. fxe5 Nd7 22. Rf1 dxe5 23. Bb2 Nf7 24. Qc3 Rae8 25. Rae1 Nc5 26. Ba1 Qg6 27. d4 e4 28. dxc5 exf3 29. Bxf3 Bxf3 30. Rxf3 Ne5 31. Rff1 g4 32. Rd1 Re7 33. Rd5 Nf3+ 34. Kh1 h5 35. Rfd1 h4 36. Rd7 Rh7 37. gxh4 g3 38. Kg2 Nxh4+ 39. Kf1 g2+ 40. Ke2 Qh5+ 41. Kf2 Qg6 42. Rxh7 Kxh7 43. Rd7+ Kh6 44. Qg7+ Kh5 45. Qxg6+ Kxg6 46. Rd1 f4 47. exf4 Rxf4+ 48. Kg1 Rxc4 49. h3 Rc2 50. Bd4 Nf3# 0-1

[Event "Lazy Baltic Pearl op-A 20th"]
[Site "Lazy"]
[Date "2024.06.28"]
[Round "5"]
[White "Chmiel, Dominika"]
[Black "Blaszkiewicz, Jakub"]
[Result "1-0"]
[WhiteElo "1966"]
[BlackElo "1793"]
[PlyCount "49"]
[EventDate "2024.06.24"]
[EventType "swiss"]
[EventRounds "9"]
[EventCountry "POL"]
[SourceTitle "CBM 220 Extra"]
[Source "ChessBase"]
[SourceDate "2024.07.31"]
[SourceVersion "1"]
[SourceVersionDate "2024.07.31"]
[SourceQuality "1"]

1. e4 e6 2. d4 d5 3. Nd2 c5 4. c3 cxd4 5. cxd4 dxe4 6. Nxe4 Bb4+ 7. Nc3 Nc6 8. Nf3 Nf6 9. Bd3 0-0 10. 0-0 a6 11. a3 Be7 12. Be3 Nd5 13. Nxd5 Qxd5 14. Rc1 Rd8 15. Qc2 f5 16. Rfd1 Bf6 17. Bc4 Qa5 18. Qb3 Kf7 19. d5 exd5 20. Bxd5+ Kf8 21. Bg8 Rxd1+ 22. Rxd1 Qc7 23. Bc5+ Ke8 24. Re1+ Kd8 25. Bb6 1-0

[Event "POL-chT 1st League"]
[Site "Leba"]
[Date "2023.09.27"]
[Round "5.10"]
[White "Chmiel, Dominika"]
[Black "Kudlak, Julia"]
[Result "1-0"]
[WhiteElo "1925"]
[BlackElo "1892"]
[PlyCount "85"]
[EventDate "2023.09.23"]
[EventType "team-swiss"]
[EventRounds "9"]
[EventCountry "POL"]
[SourceTitle "CBM 216 Extra"]
[Source "ChessBase"]
[SourceDate "2023.11.30"]
[SourceVersion "1"]
[SourceVersionDate "2023.11.30"]
[SourceQuality "1"]
[WhiteTeam "Chroscice Victoria"]
[BlackTeam "Debica Gryf"]
[WhiteTeamCountry "POL"]
[BlackTeamCountry "POL"]

1. e4 c5 2. Nf3 e6 3. d4 cxd4 4. Nxd4 a6 5. Nc3 Nc6 6. Nxc6 bxc6 7. e5 d5 8. exd6 Bxd6 9. Qg4 Qa5 10. Bd2 Qe5+ 11. Be2 f5 12. Qc4 Ne7 13. 0-0-0 0-0 14. Bg5 Rb8 15. Rxd6 Qxd6 16. Bf4 Qb4 17. Bxb8 Qxb8 18. g3 Qb6 19. Rf1 Nd5 20. Na4 Qc7 21. Nc5 a5 22. Bf3 f4 23. Qe4 Qd6 24. Nd3 fxg3 25. hxg3 Ba6 26. Rd1 Qe7 27. Ne5 Qg5+ 28. Kb1 Rb8 29. Ka1 Rb4 30. Qe1 Qf6 31. c3 Ra4 32. a3 Bc4 33. Bg4 Bb3 34. Nd7 Qd8 35. Qxe6+ Kh8 36. Re1 Nf6 37. Qxb3 Rxg4 38. Nxf6 gxf6 39. Qe6 Rg6 40. Qxc6 Qd2 41. Qe8+ Kg7 42. Qe7+ Kg8 43. Qe3 1-0

[Event "POL-chT 1st League"]
[Site "Leba"]
[Date "2023.09.24"]
[Round "2.7"]
[White "Chmiel, Dominika"]
[Black "Poznanska, Katarzyna"]
[Result "1-0"]
[WhiteElo "1925"]
[BlackElo "2020"]
[PlyCount "79"]
[EventDate "2023.09.23"]
[EventType "team-swiss"]
[EventRounds "9"]
[EventCountry "POL"]
[SourceTitle "CBM 216 Extra"]
[Source "ChessBase"]
[SourceDate "2023.11.30"]
[SourceVersion "1"]
[SourceVersionDate "2023.11.30"]
[SourceQuality "1"]
[WhiteTeam "Chroscice Victoria"]
[BlackTeam "Opole Rodlo"]
[WhiteTeamCountry "POL"]
[BlackTeamCountry "POL"]

1. e4 c5 2. Nf3 e6 3. d4 cxd4 4. Nxd4 Nf6 5. Bd3 a6 6. 0-0 Qc7 7. Qe2 d6 8. c4 Nc6 9. Nxc6 bxc6 10. Nc3 Be7 11. f4 Nd7 12. Be3 c5 13. Rad1 Rb8 14. b3 Bf6 15. e5 dxe5 16. Ne4 0-0 17. Nxf6+ Nxf6 18. fxe5 Qxe5 19. Bf4 Qxe2 20. Bxe2 Rb6 21. Bd6 Re8 22. Bxc5 Rc6 23. Bd6 e5 24. c5 Bg4 25. Bxg4 Nxg4 26. Rfe1 e4 27. b4 f5 28. a4 Ne5 29. b5 axb5 30. axb5 Rcc8 31. b6 Nd3 32. b7 Rcd8 33. Rxd3 exd3 34. Rxe8+ Rxe8 35. Bf4 g5 36. Bxg5 Kf7 37. c6 Re1+ 38. Kf2 Re2+ 39. Kf3 Rb2 40. c7 1-0

[Event "POL-chT 1st League"]
[Site "Leba"]
[Date "2023.09.23"]
[Round "1.6"]
[White "Dwilewicz, Katarzyna"]
[Black "Chmiel, Dominika"]
[Result "1-0"]
[WhiteElo "2098"]
[BlackElo "1925"]
[PlyCount "81"]
[EventDate "2023.09.23"]
[EventType "team-swiss"]
[EventRounds "9"]
[EventCountry "POL"]
[SourceTitle "CBM 216 Extra"]
[Source "ChessBase"]
[SourceDate "2023.11.30"]
[SourceVersion "1"]
[SourceVersionDate "2023.11.30"]
[SourceQuality "1"]
[WhiteTeam "Gostynin Gostmat"]
[BlackTeam "Chroscice Victoria"]
[WhiteTeamCountry "POL"]
[BlackTeamCountry "POL"]

1. e4 e5 2. Nf3 Nc6 3. Bb5 a6 4. Ba4 Nf6 5. 0-0 b5 6. Bb3 Bc5 7. c3 d6 8. d4 Bb6 9. a4 Bg4 10. Bg5 Rb8 11. axb5 axb5 12. d5 Na5 13. Bc2 h6 14. Bc1 0-0 15. Nbd2 Qd7 16. Bd3 Nh5 17. b4 Nb7 18. Nb3 f5 19. exf5 Nf6 20. Be2 Ne4 21. Nxe5 Bxe2 22. Nxd7 Bxf2+ 23. Rxf2 Bxd1 24. Rb2 Nxc3 25. Nxb8 Rxb8 26. Nd4 Ba4 27. Rd2 Rf8 28. g4 h5 29. Bb2 Ne4 30. Re2 Nf6 31. Ne6 Rf7 32. Bxf6 Rxf6 33. h3 hxg4 34. hxg4 Rf7 35. Rc1 Bb3 36. Rxc7 Rxc7 37. Nxc7 Kf7 38. Kf2 Bc4 39. Re6 Kf8 40. Kg3 Kf7 41. g5 1-0

[Event "Bytom Black Horse School Cup"]
[Site "Bytom"]
[Date "2023.01.28"]
[Round "9"]
[White "Chmiel, Dominika"]
[Black "Golimowski, Pawel"]
[Result "1-0"]
[WhiteElo "1958"]
[BlackElo "1681"]
[PlyCount "75"]
[EventDate "2023.01.28"]
[EventType "swiss (rapid)"]
[EventRounds "9"]
[EventCountry "POL"]
[SourceTitle "CBM 213 Extra"]
[Source "ChessBase"]
[SourceDate "2023.05.31"]
[SourceVersion "1"]
[SourceVersionDate "2023.05.31"]
[SourceQuality "1"]

1. e4 c5 2. Nf3 e6 3. d4 cxd4 4. Nxd4 a6 5. a4 Nf6 6. Nc3 Bb4 7. f3 d5 8. e5 Nfd7 9. f4 Nc6 10. Be3 Qa5 11. Qd3 Nxd4 12. Bxd4 Nc5 13. Qe3 Ne4 14. Be2 Bc5 15. Bxc5 Qxc5 16. Qxc5 Nxc5 17. b4 Ne4 18. Nxe4 dxe4 19. Kf2 f5 20. c4 Bd7 21. c5 0-0 22. Ke3 Bc6 23. Bc4 Kf7 24. Rhd1 Rfd8 25. Rd6 Bd5 26. Bxd5 exd5 27. Kd4 Rxd6 28. cxd6 Ke6 29. Rc1 g5 30. Rc7 Re8 31. g3 h5 32. Rxb7 h4 33. b5 hxg3 34. hxg3 axb5 35. axb5 gxf4 36. gxf4 e3 37. Kxe3 d4+ 38. Kxd4 1-0

[Event "Bytom Black Horse School Cup"]
[Site "Bytom"]
[Date "2023.01.28"]
[Round "5"]
[White "Chmiel, Dominika"]
[Black "Oglaza, Dawid"]
[Result "1-0"]
[WhiteElo "1958"]
[BlackElo "1653"]
[PlyCount "68"]
[EventDate "2023.01.28"]
[EventType "swiss (rapid)"]
[EventRounds "9"]
[EventCountry "POL"]
[SourceTitle "CBM 213 Extra"]
[Source "ChessBase"]
[SourceDate "2023.05.31"]
[SourceVersion "1"]
[SourceVersionDate "2023.05.31"]
[SourceQuality "1"]

1. e4 c5 2. Nf3 d6 3. d4 cxd4 4. Nxd4 Nf6 5. Nc3 Nc6 6. Bc4 e6 7. Bb3 Be7 8. Be3 a6 9. f3 Bd7 10. Qd2 Rc8 11. Qf2 Qc7 12. 0-0-0 b5 13. Nxc6 Qxc6 14. g4 a5 15. a4 b4 16. Nb5 Qa6 17. g5 Nh5 18. Nd4 e5 19. Nf5 Be6 20. Kb1 Bxb3 21. cxb3 g6 22. Nxe7 Kxe7 23. f4 Qc6 24. Rd5 exf4 25. Bxf4 Rhd8 26. Be3 Kf8 27. Rf1 Rd7 28. Bd4 Re7 29. Ka2 Rcc7 30. Re1 Rxe4 31. Rxe4 Qxd5 32. Qe3 Qc6 33. Bf6 Nxf6 34. gxf6 Qd5 1-0

[Event "POL-chT 1st League"]
[Site "Sypniewo"]
[Date "2022.09.10"]
[Round "8.11"]
[White "Michalska, Aleksandra"]
[Black "Chmiel, Dominika"]
[Result "1-0"]
[WhiteElo "1767"]
[BlackElo "1977"]
[PlyCount "97"]
[EventDate "2022.09.03"]
[EventType "team-swiss"]
[EventRounds "9"]
[EventCountry "POL"]
[SourceTitle "CBM 210 Extra"]
[Source "ChessBase"]
[SourceDate "2022.11.30"]
[SourceVersion "1"]
[SourceVersionDate "2022.11.30"]
[SourceQuality "1"]
[WhiteTeam "Zielonka Zieloni"]
[BlackTeam "Chroscice Victoria"]
[WhiteTeamCountry "POL"]
[BlackTeamCountry "POL"]

1. e4 e5 2. Nf3 Nc6 3. Nc3 Nf6 4. Bb5 Nd4 5. Nxd4 exd4 6. e5 dxc3 7. exf6 Qxf6 8. dxc3 Qe5+ 9. Qe2 Qxe2+ 10. Bxe2 d5 11. Be3 Bf5 12. 0-0-0 Be6 13. Rhe1 Be7 14. Bd4 0-0 15. f4 Rfe8 16. Bf3 c6 17. Re2 Bd6 18. g3 f6 19. Bf2 Rad8 20. a3 b6 21. c4 Kf8 22. cxd5 cxd5 23. Red2 Bc5 24. Bxc5+ bxc5 25. Bxd5 Bg4 26. Rg1 Re3 27. Bc4 Rde8 28. b3 Be6 29. Bxe6 R3xe6 30. c4 Re3 31. Kc2 Rb8 32. Rb1 Ke7 33. Rd5 Re2+ 34. Kc3 Rxh2 35. Re1+ Kf7 36. Rxc5 Rb7 37. b4 Ra2 38. Ra5 Rd7 39. c5 Kg6 40. Re3 Ra1 41. Kc4 Rad1 42. c6 Rc7 43. Rc5 Kf7 44. b5 g6 45. a4 Ra1 46. Kb4 Ra2 47. a5 Rc8 48. b6 Rb2+ 49. Rb3 1-0

[Event "POL-chT 2nd League"]
[Site "Poronin"]
[Date "2020.09.09"]
[Round "5.13"]
[White "Chmiel, Dominika"]
[Black "Czaplewska, Klara"]
[Result "1/2-1/2"]
[WhiteElo "2023"]
[BlackElo "1875"]
[PlyCount "122"]
[EventDate "2020.09.05"]
[EventType "team-swiss"]
[EventRounds "9"]
[EventCountry "POL"]
[SourceTitle "CBM 198 Extra"]
[Source "ChessBase"]
[SourceDate "2020.11.30"]
[SourceVersion "1"]
[SourceVersionDate "2020.11.30"]
[SourceQuality "1"]
[WhiteTeam "Chroscice Victoria"]
[BlackTeam "Zarow Goniec"]
[WhiteTeamCountry "POL"]
[BlackTeamCountry "POL"]

1. e4 e5 2. Nf3 Nc6 3. Bb5 Nf6 4. 0-0 Nxe4 5. Qe2 Nd6 6. Nxe5 Nd4 7. Qd3 N6xb5 8. c3 Nxc3 9. dxc3 Ne6 10. f4 Bc5+ 11. Kh1 f6 12. Nf3 Be7 13. Be3 d5 14. c4 dxc4 15. Qxc4 Qd6 16. Nc3 Bd7 17. Nd5 Qc6 18. Qb3 Qb5 19. f5 Qxb3 20. axb3 Nc5 21. Nxe7 Nxb3 22. Ra3 Kxe7 23. Rxb3 b6 24. Nd4 c5 25. Nb5 Bxb5 26. Rxb5 Kd7 27. Rd1+ Kc6 28. Rb3 Rhe8 29. Kg1 Re5 30. Rf1 b5 31. Bc1 a5 32. Rd3 c4 33. Rd4 Ra7 34. Bf4 Rxf5 35. Rd6+ Kc5 36. Rd8 Kc6 37. Rc8+ Kd7 38. Rg8 Kc6 39. g4 Rd5 40. Re1 b4 41. h3 h5 42. Rb8 hxg4 43. Re6+ Kd7 44. Reb6 Ke7 45. hxg4 Rd4 46. Be3 Rxg4+ 47. Kf2 Rc7 48. R8b7 Rxb7 49. Rxb7+ Kd6 50. Rb5 c3 51. bxc3 bxc3 52. Rxa5 Rc4 53. Ke2 c2 54. Bc1 g5 55. Kd3 Rc6 56. Ke4 Ke6 57. Rb5 Rc4+ 58. Kd3 Rc6 59. Ke4 g4 60. Kf4 Rc4+ 61. Kg3 f5 1/2-1/2

[Event "POL-chT 2nd League"]
[Site "Jastrzebia Gora"]
[Date "2018.09.01"]
[Round "1.12"]
[White "Cyboran, Katarzyna"]
[Black "Chmiel, Dominika"]
[Result "0-1"]
[WhiteElo "1825"]
[BlackElo "2098"]
[PlyCount "102"]
[EventDate "2018.09.01"]
[EventType "team-swiss"]
[EventRounds "9"]
[EventCountry "POL"]
[SourceTitle "CBM 186 Extra"]
[Source "ChessBase"]
[SourceDate "2018.08.24"]
[SourceVersion "1"]
[SourceVersionDate "2018.08.24"]
[SourceQuality "1"]
[WhiteTeam "Sedziszow Malopolski"]
[BlackTeam "Chroscice Victoria"]
[WhiteTeamCountry "POL"]
[BlackTeamCountry "POL"]

1. e4 e5 2. d4 exd4 3. Qxd4 Nc6 4. Qe3 Nf6 5. Nc3 Bb4 6. Bd2 d6 7. 0-0-0 0-0 8. Bc4 Qe7 9. f3 a5 10. Bb5 Bc5 11. Qg5 Nd4 12. Nge2 Ne6 13. Qh4 c6 14. Bd3 b5 15. Ng3 Nd5 16. Qxe7 Nxe7 17. Nf5 Ng6 18. Ne2 Nc7 19. Bc3 Bxf5 20. exf5 Be3+ 21. Kb1 Nf4 22. Nxf4 Bxf4 23. g3 Be3 24. Rhe1 Bc5 25. Bf1 Nd5 26. Bd4 Bxd4 27. Rxd4 Rfe8 28. Rde4 Nf6 29. R4e2 Kf8 30. Kc1 Nd7 31. f4 Rxe2 32. Rxe2 Re8 33. Kd2 Rxe2+ 34. Bxe2 Ke7 35. Bf3 d5 36. Kc3 Kd6 37. Bh5 f6 38. Bf3 Nc5 39. Bg2 Na4+ 40. Kb3 Kc5 41. c3 Nb6 42. Kc2 Nc4 43. Bh3 b4 44. cxb4+ axb4 45. b3 Ne3+ 46. Kd3 d4 47. Kd2 Kd5 48. Kd3 h5 49. Kd2 Ke4 50. Ke2 d3+ 51. Kd2 Kd4 0-1

[Event "POL-chT rapid"]
[Site "Zgierz"]
[Date "2018.03.03"]
[Round "7.20"]
[White "Kucharska, Honorata"]
[Black "Chmiel, Dominika"]
[Result "1/2-1/2"]
[WhiteElo "2082"]
[BlackElo "2098"]
[PlyCount "78"]
[EventDate "2018.03.03"]
[EventType "team-swiss (rapid)"]
[EventRounds "9"]
[EventCountry "POL"]
[SourceTitle "CBM 183 Extra"]
[Source "ChessBase"]
[SourceDate "2018.04.19"]
[SourceVersion "1"]
[SourceVersionDate "2018.04.19"]
[SourceQuality "1"]
[WhiteTeam "Rybnik"]
[BlackTeam "Chroscice Victoria"]
[WhiteTeamCountry "POL"]
[BlackTeamCountry "POL"]

1. e4 c5 2. Nf3 d6 3. d4 Nf6 4. Nc3 cxd4 5. Qxd4 Nc6 6. Bb5 Bd7 7. Bxc6 Bxc6 8. Bg5 e6 9. 0-0-0 Be7 10. Kb1 0-0 11. Rhe1 h6 12. Bxf6 Bxf6 13. Qe3 Qa5 14. Rxd6 Rac8 15. e5 Be7 16. Rd3 Bc5 17. Qe2 b5 18. Ne4 Bd5 19. b3 Bb4 20. Red1 Bxe4 21. Qxe4 Bc3 22. Nd4 b4 23. Qf4 Rc5 24. Rxc3 bxc3 25. Nf3 Qa3 26. Qc1 Qxc1+ 27. Kxc1 Rd5 28. Rxd5 exd5 29. Kd1 Rc8 30. Ke2 Kf8 31. Kd3 Ke7 32. Nd4 g5 33. a4 h5 34. a5 a6 35. f3 h4 36. g3 hxg3 37. hxg3 Kd7 38. f4 gxf4 39. gxf4 Rc5 1/2-1/2

[Event "POL-chT 2nd League"]
[Site "Szklarska Poreba"]
[Date "2017.09.06"]
[Round "5.6"]
[White "Chmiel, Dominika"]
[Black "Murawko, Katarzyna"]
[Result "0-1"]
[WhiteElo "2123"]
[BlackElo "1988"]
[PlyCount "96"]
[EventDate "2017.09.02"]
[EventType "team-swiss"]
[EventRounds "9"]
[EventCountry "POL"]
[SourceTitle "CBM 180 Extra"]
[Source "ChessBase"]
[SourceDate "2017.10.06"]
[SourceVersion "1"]
[SourceVersionDate "2017.10.06"]
[SourceQuality "1"]
[WhiteTeam "Chroscice Victoria"]
[BlackTeam "Debica Gryf"]
[WhiteTeamCountry "POL"]
[BlackTeamCountry "POL"]

1. e4 c5 2. Nf3 a6 3. c3 e6 4. d4 d5 5. exd5 Qxd5 6. Be2 Nf6 7. 0-0 Be7 8. Be3 cxd4 9. cxd4 0-0 10. Nc3 Qd8 11. Qb3 b5 12. Ne5 Bb7 13. Rac1 Nbd7 14. a4 b4 15. Na2 Nxe5 16. dxe5 Nd5 17. Rfd1 Rc8 18. Bd2 Rxc1 19. Nxc1 Qc7 20. Qg3 f5 21. exf6 Qxg3 22. hxg3 Bxf6 23. Nd3 a5 24. Bg4 Bc8 25. Rc1 Ne7 26. Be3 e5 27. Bxc8 Rxc8 28. Rxc8+ Nxc8 29. b3 Kf7 30. Nc5 Bd8 31. Kf1 Bb6 32. Ke2 Bxc5 33. Bxc5 Ke6 34. Bf8 Kf7 35. Bc5 Ke6 36. Ke3 Kd5 37. Bf8 g6 38. f3 Na7 39. f4 Nc6 40. Bg7 Nd4 41. Bxe5 Nxb3 42. Bc7 h5 43. Kd3 Nc5+ 44. Kc2 Nb7 45. Be5 Kc4 46. Bf6 b3+ 47. Kb2 Nc5 48. Ka3 Nd3 0-1

[Event "POL-chT 2nd League"]
[Site "Szklarska Poreba"]
[Date "2017.09.04"]
[Round "3.5"]
[White "Chmiel, Dominika"]
[Black "Krzyzanowska Zadlo, Lidia"]
[Result "1-0"]
[WhiteElo "2123"]
[BlackElo "1842"]
[PlyCount "69"]
[EventDate "2017.09.02"]
[EventType "team-swiss"]
[EventRounds "9"]
[EventCountry "POL"]
[SourceTitle "CBM 180 Extra"]
[Source "ChessBase"]
[SourceDate "2017.10.06"]
[SourceVersion "1"]
[SourceVersionDate "2017.10.06"]
[SourceQuality "1"]
[WhiteTeam "Chroscice Victoria"]
[BlackTeam "Stara Wies Parnas"]
[WhiteTeamCountry "POL"]
[BlackTeamCountry "POL"]

1. e4 c6 2. d4 d5 3. Nd2 dxe4 4. Nxe4 Nf6 5. Ng5 h6 6. N5f3 Bf5 7. Ne2 e6 8. Ng3 Bh7 9. Bc4 Bd6 10. Qe2 b5 11. Bb3 0-0 12. Ne5 Kh8 13. 0-0 Qc7 14. c3 Nbd7 15. f4 Rab8 16. Bd2 c5 17. Rae1 c4 18. Bd1 Bxe5 19. fxe5 Bd3 20. Qf3 Nd5 21. Be2 Bg6 22. Qg4 b4 23. Qh4 Kh7 24. Bh5 bxc3 25. bxc3 Rb2 26. Bc1 Rxa2 27. Bxg6+ fxg6 28. Ne4 Kg8 29. Bxh6 Qc6 30. Bd2 Rf5 31. g4 Rxf1+ 32. Rxf1 Rxd2 33. Qd8+ Kh7 34. Ng5+ Kh6 35. Nf7+ 1-0

[Event "POL-chT 2nd League"]
[Site "Szklarska Poreba"]
[Date "2017.09.03"]
[Round "2.10"]
[White "Moscicka, Pola"]
[Black "Chmiel, Dominika"]
[Result "0-1"]
[WhiteElo "1894"]
[BlackElo "2123"]
[PlyCount "92"]
[EventDate "2017.09.02"]
[EventType "team-swiss"]
[EventRounds "9"]
[EventCountry "POL"]
[SourceTitle "CBM 180 Extra"]
[Source "ChessBase"]
[SourceDate "2017.10.06"]
[SourceVersion "1"]
[SourceVersionDate "2017.10.06"]
[SourceQuality "1"]
[WhiteTeam "Chylice Laura"]
[BlackTeam "Chroscice Victoria"]
[WhiteTeamCountry "POL"]
[BlackTeamCountry "POL"]

1. e4 e5 2. Nf3 Nc6 3. Bb5 a6 4. Ba4 Nf6 5. d3 b5 6. Bb3 Bc5 7. c3 d6 8. 0-0 h6 9. h3 0-0 10. Re1 Bb6 11. Nbd2 Ne7 12. Nf1 Ng6 13. Ng3 Nf4 14. Bxf4 exf4 15. Ne2 Nh5 16. Qd2 Qf6 17. Bd5 Rb8 18. d4 g5 19. e5 Qg6 20. Nc1 Bf5 21. Qe2 Rfe8 22. Be4 dxe5 23. Bxf5 Qxf5 24. Nxe5 Ng7 25. Qd2 Re6 26. Ncd3 Rbe8 27. a4 h5 28. axb5 axb5 29. Nb4 c5 30. dxc5 Bxc5 31. Ned3 Bb6 32. Rxe6 Rxe6 33. Re1 f3 34. Rxe6 Nxe6 35. Qd1 g4 36. hxg4 hxg4 37. Nc6 Qh5 38. Nce5 Bc7 39. Qe1 fxg2 40. Kxg2 f6 41. Nd7 Qh3+ 42. Kg1 Bh2+ 43. Kh1 Bf4+ 44. Kg1 Qh2+ 45. Kf1 Qh1+ 46. Ke2 Qf3+ 0-1

[Event "POL-chT 2nd League"]
[Site "Szklarska Poreba"]
[Date "2017.09.02"]
[Round "1.2"]
[White "Chmiel, Dominika"]
[Black "Richterova, Natasa"]
[Result "1-0"]
[WhiteElo "2123"]
[BlackElo "2188"]
[PlyCount "59"]
[EventDate "2017.09.02"]
[EventType "team-swiss"]
[EventRounds "9"]
[EventCountry "POL"]
[SourceTitle "CBM 180 Extra"]
[Source "ChessBase"]
[SourceDate "2017.10.06"]
[SourceVersion "1"]
[SourceVersionDate "2017.10.06"]
[SourceQuality "1"]
[WhiteTeam "Chroscice Victoria"]
[BlackTeam "Pawlowice Gminy"]
[WhiteTeamCountry "POL"]
[BlackTeamCountry "POL"]

1. e4 e5 2. Nf3 Nc6 3. Bb5 Nf6 4. d4 exd4 5. 0-0 Be7 6. Re1 0-0 7. e5 Nd5 8. Nxd4 Nxd4 9. Qxd4 Nb4 10. Qe4 a6 11. Bc4 d5 12. exd6 Bxd6 13. a3 Nc6 14. Bf4 Bxf4 15. Qxf4 b5 16. Bd3 Bb7 17. Nc3 Nd4 18. Rad1 c5 19. b4 Qb8 20. Qh4 g6 21. bxc5 Ne6 22. Be4 Nxc5 23. Bxb7 Qxb7 24. Nd5 Ne6 25. Nf6+ Kg7 26. Rxe6 h6 27. Red6 Qa7 28. Qg3 Qe7 29. Qc3 Rfc8 30. Ne8+ 1-0

[Event "POL-chT 1st League"]
[Site "Poronin"]
[Date "2016.09.11"]
[Round "9.5"]
[White "Chmiel, Dominika"]
[Black "Dmochowska, Agnieszka"]
[Result "1-0"]
[WhiteElo "2102"]
[BlackElo "1995"]
[PlyCount "55"]
[EventDate "2016.09.03"]
[EventType "team-tourn"]
[EventRounds "9"]
[EventCountry "POL"]
[SourceTitle "CBM 174 Extra"]
[Source "ChessBase"]
[SourceDate "2016.10.10"]
[SourceVersion "1"]
[SourceVersionDate "2016.10.10"]
[SourceQuality "1"]
[WhiteTeam "Chroscice Victoria"]
[BlackTeam "Gliwice Akademia Szachowa"]
[WhiteTeamCountry "POL"]
[BlackTeamCountry "POL"]

1. e4 c5 2. Nf3 Nc6 3. d4 cxd4 4. Nxd4 Nf6 5. Nc3 d6 6. Bg5 e6 7. Qd2 a6 8. 0-0-0 Be7 9. f4 Bd7 10. Be2 Rc8 11. Bf3 Qc7 12. Kb1 Na5 13. Be2 b5 14. e5 b4 15. Ncb5 Qb6 16. Nxd6+ Bxd6 17. exf6 g6 18. Nxe6 Bxe6 19. Qxd6 Qxd6 20. Rxd6 Nc4 21. Bxc4 Rxc4 22. Rhd1 0-0 23. Bh6 Re8 24. Rxe6 fxe6 25. Rd7 Rec8 26. f7+ Kh8 27. g3 Re4 28. b3 1-0

[Event "POL-chT 1st League"]
[Site "Poronin"]
[Date "2016.09.07"]
[Round "5.3"]
[White "Chmiel, Dominika"]
[Black "Toma, Katarzyna"]
[Result "0-1"]
[WhiteElo "2102"]
[BlackElo "2324"]
[PlyCount "60"]
[EventDate "2016.09.03"]
[EventType "team-tourn"]
[EventRounds "9"]
[EventCountry "POL"]
[SourceTitle "CBM 174 Extra"]
[Source "ChessBase"]
[SourceDate "2016.10.10"]
[SourceVersion "1"]
[SourceVersionDate "2016.10.10"]
[SourceQuality "1"]
[WhiteTeam "Chroscice Victoria"]
[BlackTeam "Lublin Drakon"]
[WhiteTeamCountry "POL"]
[BlackTeamCountry "POL"]

1. e4 e5 2. Nf3 d6 3. d4 Nd7 4. Bc4 c6 5. 0-0 Be7 6. dxe5 dxe5 7. Ng5 Bxg5 8. Qh5 Qe7 9. Bxg5 Ngf6 10. Qe2 h6 11. Bd2 0-0 12. Nc3 b5 13. Bb3 Nc5 14. Be3 a5 15. Bxc5 Qxc5 16. a3 Ba6 17. Rfe1 a4 18. Ba2 Rfd8 19. Qe3 Qxe3 20. Rxe3 Rd2 21. Rc1 Rad8 22. Ree1 Kf8 23. f3 Nh5 24. Rcd1 Nf4 25. Kh1 Nxg2 26. Rxd2 Rxd2 27. Re2 Rxe2 28. Nxe2 Ne1 29. Ng1 Nxc2 30. Kg2 b4 0-1

[Event "POL-chT 1st League"]
[Site "Poronin"]
[Date "2016.09.05"]
[Round "3.2"]
[White "Chmiel, Dominika"]
[Black "Golek, Jagoda"]
[Result "1-0"]
[WhiteElo "2102"]
[BlackElo "2044"]
[PlyCount "75"]
[EventDate "2016.09.03"]
[EventType "team-tourn"]
[EventRounds "9"]
[EventCountry "POL"]
[SourceTitle "CBM 174 Extra"]
[Source "ChessBase"]
[SourceDate "2016.10.10"]
[SourceVersion "1"]
[SourceVersionDate "2016.10.10"]
[SourceQuality "1"]
[WhiteTeam "Chroscice Victoria"]
[BlackTeam "Gniezno LKS Chrobry"]
[WhiteTeamCountry "POL"]
[BlackTeamCountry "POL"]

1. e4 e6 2. d4 d5 3. e5 c5 4. c3 Nc6 5. Nf3 Bd7 6. Be2 Nge7 7. 0-0 Nf5 8. Bd3 c4 9. Bc2 Be7 10. Nbd2 b5 11. Re1 a5 12. Nf1 h5 13. Bf4 g5 14. Bc1 g4 15. N3d2 Qc7 16. Ne3 Nxe3 17. Rxe3 0-0-0 18. b3 Rdg8 19. a4 cxb3 20. Nxb3 b4 21. Bd2 h4 22. Rc1 Qb6 23. cxb4 axb4 24. a5 Qa7 25. Bd3 Kd8 26. Re1 g3 27. fxg3 hxg3 28. h3 Rh4 29. Be3 Bg5 30. Bxg5+ Rxg5 31. Rxc6 Bxc6 32. Qc1 Rg7 33. Qxc6 f5 34. exf6 Rd7 35. Bb5 Rhh7 36. Rxe6 Rhf7 37. Qb6+ Qxb6 38. axb6 1-0

[Event "POL-chT 2nd League"]
[Site "Szczyrk"]
[Date "2014.09.08"]
[Round "3.84"]
[White "Chmiel, Dominika"]
[Black "Humin, Julia"]
[Result "1-0"]
[WhiteElo "2172"]
[BlackElo "1600"]
[PlyCount "71"]
[EventDate "2014.09.06"]
[EventType "team-swiss"]
[EventRounds "9"]
[EventCountry "POL"]
[SourceTitle "EXT 2015"]
[Source "ChessBase"]
[SourceDate "2014.11.20"]
[SourceVersion "1"]
[SourceVersionDate "2014.11.20"]
[SourceQuality "1"]
[WhiteTeam "Chroscice LZS Victoria"]
[BlackTeam "Bydgoszcz Hetman"]
[WhiteTeamCountry "POL"]
[BlackTeamCountry "POL"]

1. e4 e6 2. d4 d5 3. Nd2 c5 4. Ngf3 cxd4 5. exd5 Qxd5 6. Bc4 Qd6 7. 0-0 Nf6 8. Nb3 Nc6 9. Nbxd4 Nxd4 10. Qxd4 Qxd4 11. Nxd4 Bd7 12. Bg5 Bc5 13. Rad1 0-0-0 14. Nf3 h6 15. Bf4 Ne4 16. Bd3 Nd6 17. c3 Rhe8 18. b4 Ba4 19. bxc5 Bxd1 20. cxd6 Bxf3 21. gxf3 g5 22. Bg3 a6 23. c4 f5 24. Be5 Kd7 25. c5 Kc6 26. Rc1 Rd7 27. Bc2 Kb5 28. Bb3 Rh7 29. Kf1 a5 30. a4+ Kb4 31. Bc4 Kxa4 32. Rb1 Ka3 33. Rb3+ Ka4 34. Rb6 Ka3 35. Bb2+ Ka4 36. Bb3# 1-0